Loading...
| History - Other | 0 | 4 | 0 | 2 | 40 | 122 | 125.75 | 0 | 0 | 0.47 | 4.65 |
| Science - Chemistry | 0 | 3 | 1 | 1 | 25 | 60 | 81.00 | 0 | 1 | 6.36 | 10.58 |
| History - World | 0 | 2 | 0 | 0 | 20 | 65 | 97.00 | 0 | 1 | 3.93 | 10.42 |
| Mythology | 0 | 2 | 0 | 1 | 20 | 106 | 119.50 | 0 | 0 | 1.21 | 1.34 |
| Science - Physics | 0 | 2 | 0 | 0 | 20 | 47 | 68.00 | 0 | 1 | 7.86 | 13.89 |
| Fine Arts - Classical Music | 0 | 2 | 0 | 0 | 20 | 105 | 112.00 | 0 | 0 | 1.10 | 6.25 |
| Literature - World | 0 | 1 | 0 | 0 | 10 | 67 | 67.00 | 0 | 0 | 3.83 | 4.17 |
| Philosophy | 0 | 1 | 0 | 0 | 10 | 124 | 124.00 | 0 | 1 | 0.07 | 5.56 |
| Popular Culture | 0 | 1 | 0 | 0 | 10 | 30 | 30.00 | 0 | 1 | 19.32 | 20.83 |
| Science - Biology | 0 | 1 | 0 | 0 | 10 | 78 | 78.00 | 0 | 0 | 2.31 | 4.17 |
| Social Science | 0 | 1 | 0 | 1 | 10 | 109 | 109.00 | 0 | 0 | 0.00 | 0.64 |
| Fine Arts - Other | 0 | 1 | 0 | 0 | 10 | 74 | 74.00 | 0 | 0 | 3.11 | 3.47 |
| Geography | 0 | 1 | 0 | 0 | 10 | 116 | 116.00 | 0 | 0 | 2.15 | 8.33 |
| History - European | 0 | 1 | 0 | 1 | 10 | 133 | 133.00 | 0 | 0 | 0.00 | 0.64 |
| Literature - British | 0 | 1 | 0 | 0 | 10 | 29 | 29.00 | 0 | 1 | 6.67 | 5.56 |
| Literature - European | 0 | 1 | 0 | 0 | 10 | 140 | 140.00 | 0 | 0 | 0.00 | 2.56 |
| Science - Other | 0 | 1 | 1 | 0 | 5 | 83 | 83.00 | 0 | 1 | 2.47 | 7.05 |
| Fine Arts - Painting and Sculpture | 0 | 1 | 1 | 0 | 5 | 77 | 77.00 | 0 | 1 | 2.94 | 5.56 |
| Literature - American | 0 | 0 | 0 | 0 | 0 | 0.00 | 0 | 0 | 0.00 | 0.00 | |
| Religion | 0 | 0 | 1 | 0 | -5 | 0.00 | 0 | 0 | 0.00 | 0.00 |